Communes d'Ille et Vilaine - Statistiques

Statistiques générales
  • Ce quiz a été pris 42 fois
    5 depuis la dernière actualisation
  • Le résultat moyen est 41 sur 332
Statistiques - réponses
Hint Réponse % Correct
12 964 Betton
75%
19 683 Bruz
75%
18 761 Cesson Sévigné
75%
10 772 Dinard
75%
20 307 Fougères
75%
5 033 La Mézière
75%
9 339 Liffré
75%
9 542 Redon
75%
230 890 Rennes
75%
4 203 Saint Aubin du Cormier
75%
9 957 Saint Gregoire
75%
47 439 Saint Malo
75%
19 365 Vitré
75%
677 Bécherel
50%
4 662 Bédée
50%
2 397 Chevaigné
50%
5 829 Dol de Bretagne
50%
2 034 Ercé près Liffré
50%
4 667 La Bouëxière
50%
4 738 La Chapelle des Fougeretz
50%
4 730 L'Hermitage
50%
7 547 Melesse
50%
651 Mellé
50%
2 080 Montreuil le Gast
50%
2 420 Montreuil sur Ille
50%
7 911 Mordelles
50%
1 712 Mouazé
50%
6 269 Noyal sur Vilaine
50%
5 732 Orgères
50%
11 703 Pacé
50%
4 304 Saint Aubin d'Aubigné
50%
13 800 Saint Jacques de la Lande
50%
1 377 Saint Médard sur Ille
50%
1 580 Saint Sulpice la Forêt
50%
2 592 Sens de Bretagne
50%
8 667 Thorigné Fouillard
50%
6 471 Vezin le Coquet
50%
6 874 Acigné
25%
1 017 Andouillé Neuville
25%
453 Aubigné
25%
1 256 Beaucé
25%
1 536 Bonnemain
25%
6 391 Bréal sous Montfort
25%
2 232 Brécé
25%
3 675 Breteil
25%
988 Brie
25%
5 672 Cancale
25%
589 Cardroc
25%
10 670 Chantepie
25%
8 880 Chartres de Bretagne
25%
1 744 Chasné sur Illet
25%
7 533 Chateaubourg
25%
10 845 Chateaugiron
25%
947 Clayes
25%
6 411 Combourg
25%
3 567 Corps Nuds
25%
1 705 Dingé
25%
2 491 Domagné
25%
3 877 Domloup
25%
1 613 Gaël
25%
1 523 Gahard
25%
2 145 Gosné
25%
2 584 Grand Fougeray
25%
1 738 Guipel
25%
7 354 Guipry Messac
25%
1 382 Hirel
25%
4 609 Iffendic
25%
8 649 Janzé
25%
2 304 La Chapelle Thouarault
25%
2 021 La Gouesnière
25%
4 554 La Guerche de Bretagne
25%
5 225 Laillé
25%
2 664 La Richardais
25%
3 530 Lécousse
25%
621 Le Loroux
25%
901 Le Petit Fougeray
25%
9 839 Le Rheu
25%
1 117 Le Sel de Bretagne
25%
1 389 Le Verger
25%
1 065 Le Vivier sur Mer
25%
1 758 Livré sur Changeon
25%
3 346 Louvigné du Désert
25%
1 734 Mézières sur Couesnon
25%
4 408 Miniac Morvan
25%
776 Miniac sous Bécherel
25%
6 597 Montauban de Bretagne
25%
1 101 Mont Dol
25%
6 810 Montfort sur Meu
25%
1 043 Montreuil sous Pérouse
25%
3 911 Nouvoitou
25%
4 076 Plélan le Grand
25%
7 167 Pleurtuit
25%
4 245 Pont Péan
25%
2 438 Romagné
25%
277 Romazy
25%
4 189 Romillé
25%
975 Saint Benoît des Ondes
25%
2 258 Saint Briac sur Mer
25%
2 969 Saint Coulomb
25%
1 035 Sainte Anne sur Vilaine
25%
1 017 Saint Germain sur Ille
25%
2 768 Saint Lunaire
25%
1 081 Saint Malo de Phily
25%
4 720 Saint Méloir des Ondes
25%
1 018 Saint Suliac
25%
2 273 Sixt sur Aff
25%
2 571 Talensac
25%
3 939 Tinténiac
25%
2 620 Val d'Izé
25%
8 207 Vern sur Seiche
25%
1 286 Vieux Vy sur Couesnon
25%
2 329 Vignoc
25%
1 768 Amanlis
0%
266 Arbrissel
0%
4 633 Argentré du Plessis
0%
630 Availles sur Seiche
0%
1 702 Baguer Morvan
0%
1 756 Baguer Pican
0%
7 674 Bain de Bretagne
0%
3 535 Bains sur Oust
0%
2 539 Bais
0%
2 162 Balazé
0%
2 210 Baulon
0%
1 877 Bazouges la Pérouse
0%
1 010 Billé
0%
97 Bléruais
0%
1 804 Boisgervilly
0%
728 Boistrudan
0%
4 804 Bourgbarré
0%
3 411 Bourg des Comptes
0%
618 Bovel
0%
612 Bréal sous Vitré
0%
692 Brielles
0%
415 Broualan
0%
855 Bruc sur Aff
0%
505 Champeaux
0%
1 912 Chanteloup
0%
1 664 Châteauneuf d'Ille et Vilaine
0%
1 775 Châtillon en Vendelais
0%
810 Chauvigné
0%
4 709 Chavagne
0%
363 Chelun
0%
1 108 Cherrueix
0%
2 645 Cintré
0%
1 426 Coësmes
0%
671 Comblessac
0%
610 Combourtillé
0%
961 Cornillé
0%
2 819 Crevin
0%
828 Cuguen
0%
2 055 Domalain
0%
1 237 Dourdain
0%
502 Drouges
0%
429 Eancé
0%
1 438 Epiniac
0%
1 703 Erbrée
0%
1 566 Ercé en Lamée
0%
1 028 Essé
0%
2 703 Etrelles
0%
1 074 Feins
0%
268 Forges la Fôret
0%
938 Gennes sur Seiche
0%
6 061 Gévezé
0%
4 359 Goven
0%
9 412 Guichen
0%
4 175 Guignen
0%
2 267 Hédé Bazouges
0%
2 300 Irodouër
0%
2 205 Javené
0%
675 La Baussaine
0%
1 095 La Bazouge du Désert
0%
696 La Bosse de Bretagne
0%
1 271 La Boussac
0%
824 La Chapelle aux Filtzméens
0%
1 537 La Chapelle Bouëxic
0%
1 298 La Chapelle Chaussée
0%
1 114 La Chapelle de Brain
0%
1 050 La Chapelle du Lou du Lac
0%
717 La Chapelle Erbrée
0%
2 451 La Chapelle Fleurigné
0%
479 La Chapelle Saint Aubert
0%
448 La Couyère
0%
1 424 La Dominelais
0%
2 509 La Fresnais
0%
1 234 Laignelet
0%
593 Lalleu
0%
674 Landavran
0%
1 250 Landéan
0%
941 Landujan
0%
1 106 Langan
0%
1 423 Langon
0%
604 Langouet
0%
1 002 La Noë Blanche
0%
362 La Nouaye
0%
136 Lanrigan
0%
582 La Selle en Luitré
0%
153 La Selle Guerchaise
0%
1 841 Lassy
0%
1 233 La Ville ès Nonais
0%
430 Le Châtellier
0%
592 Le Crouais
0%
732 Le Ferré
0%
1 524 Le Minihic sur Rance
0%
1 363 Le Pertre
0%
542 Les Brulais
0%
274 Les Iffs
0%
2 208 Les Portes du Coglais
0%
1 731 Le Theil de Bretagne
0%
199 Le Tiercent
0%
1 202 Le Tronchet
0%
811 Lieuron
0%
398 Lillemer
0%
702 Lohéac
0%
592 Longaulnay
0%
340 Lourmais
0%
243 Loutehel
0%
1 890 Louvigné de Bais
0%
1 868 Luitré Dompierre
0%
5 088 Maen Roch
0%
749 Marcillé Raoul
0%
1 017 Marcillé Robert
0%
1 023 Marpiré
0%
2 688 Martigné Ferchaud
0%
1 450 Maxent
0%
618 Mecé
0%
1 853 Médréac
0%
1 974 Meillac
0%
1 021 Mernel
0%
4 492 Mesnil Roc'h
0%
804 Mondevert
0%
269 Montautour
0%
1 366 Monterfil
0%
3 827 Montgermont
0%
248 Monthault
0%
237 Montreuil des Landes
0%
724 Moulins
0%
293 Moussé
0%
896 Moutiers
0%
927 Muel
0%
8 359 Noyal Châtillon sur Seiche
0%
392 Noyal sous Bazouges
0%
1 772 Paimpont
0%
1 159 Pancé
0%
657 Parcé
0%
1 286 Parigné
0%
1 793 Parthenay de Bretagne
0%
3 859 Pipriac
0%
3 224 Piré Chancé
0%
2 833 Pléchâtel
0%
2 002 Pleine Fougères
0%
2 895 Plerguer
0%
790 Plesder
0%
2 087 Pleugueneuc
0%
3 543 Pleumeleuc
0%
1 312 Pocé les Bois
0%
394 Poilley
0%
1 261 Poligné
0%
400 Princé
0%
1 588 Québriac
0%
1 287 Quédillac
0%
1 100 Rannée
0%
1 027 Renac
0%
4 566 Retiers
0%
357 Rimou
0%
2 927 Rives du Couesnon
0%
1 378 Roz Landrieux
0%
1 059 Roz sur Couesnon
0%
468 Sains
0%
2 433 Saint Armel
0%
917 Saint Aubin des Landes
0%
330 Saint Brieuc des Iffs
0%
1 153 Saint Broladre
0%
566 Saint Christophe des Bois
0%
231 Saint Christophe de Valain
0%
2 022 Saint Didier
0%
2 619 Saint Domineuc
0%
368 Sainte Colombe
0%
2 247 Sainte Marie
0%
3 651 Saint Erblon
0%
413 Saint Ganton
0%
384 Saint Georges de Gréhaigne
0%
1 541 Saint Georges de Reintembault
0%
1 018 Saint Germain du Pinel
0%
2 096 Saint Germain en Coglès
0%
5 576 Saint Gilles
0%
651 Saint Gondran
0%
377 Saint Gonlay
0%
1 285 Saint Guinoux
0%
1 037 Saint Hilaire des Landes
0%
1 375 Saint Jean sur Vilaine
0%
2 847 Saint Jouan des Guérets
0%
1 107 Saint Just
0%
293 Saint Léger des Prés
0%
618 Saint Malon sur Mel
0%
431 Saint Marcan
0%
1 553 Saint Marc le Blanc
0%
505 Saint Maugan
0%
4 653 Saint Méen le Grand
0%
1 354 Saint M'Hervé
0%
1 126 Saint Onen la Chapelle
0%
1 326 Saint Ouen des Alleux
0%
407 Saint Péran
0%
2 440 Saint Père Marc en Poulet
0%
966 Saint Pern
0%
818 Saint Rémy du Plein
0%
1 565 Saint Sauveur des Landes
0%
610 Saint Séglin
0%
1 863 Saint Senoux
0%
820 Saint Sulpice des Landes
0%
625 Saint Symphorien
0%
996 Saint Thual
0%
2 184 Saint Thurial
0%
513 Saint Uniac
0%
801 Saulnières
0%
4 152 Servon sur Vilaine
0%
547 Sougeal
0%
1 028 Taillis
0%
1 117 Teillay
0%
868 Thourie
0%
1 281 Torcé
0%
634 Trans la Forêt
0%
1 350 Treffendel
0%
355 Trémeheuc
0%
1 234 Tresboeuf
0%
918 Trévérien
0%
205 Trimer
0%
4 072 Val Couesnon
0%
3 930 Val d'Anast
0%
806 Vergéal
0%
329 Vieux Viel
0%
301 Villamée
0%
881 Visseiche
0%
Aucun quiz correspondant
Distribution des résultats
% des personnes avec chaque résultat
Percentile par nombre de réponses
Votre historique - résultats
Vous n’avez pas pris ce quiz depuis la dernière actualisation